01283 a2200193 45000010006000000050017000060080041000230030015000640400040000790800020001192450044001390200022001832640038002053000019002435050757002621000021010197000029010407000020010694854020260407155749.0260407a1973 arg spa dAR-UNSa-BCEJYS aAR-UNSa-BCEJYSbspacAR-UNSa-BCEJYS a366xConsumismo10aUna teoría de la función de consumo a978-84-206-2036-7 1aMadrid :bAlianza Editorialc1973 a297 p.c20 cm. a1. Introducción - 2. Los supuestos de la teoría pura del comportamiento del consumidor - 3. La hipótesis de la renta permanente - 4. Compatibilidad de la hipótesis de la renta permanente con los testimonios existentes acerca de la relación entre consumo y renta: los estudios de presupuestos familiares - 5. Concordancia de la hipòtesis de la renta permanente con los testimonios existentes acerca de la relación entre consumo y renta: los datos de series temporales - 6. Relación entre las hipótesis de la renta permanente y la renta relativa - 7. Testimonios, derivados de los datos de rentas, acerca de la importancia relativa de los componentes permanentes y transitorios de la renta - 8. Miscelánea - 9. Resumen y conclusión.1 aFriedman, Milton1 aBetancor Cubelo, Lorenzo1 aVergara, José